The World Economy : (Record no. 14996)
[ view plain ]
| 000 -LEADER | |
|---|---|
| fixed length control field | 01237cam a22003374a 4500 |
| 001 - CONTROL NUMBER | |
| control field | 13834531 |
| 005 - DATE AND TIME OF LATEST TRANSACTION | |
| control field | 20060523131056.0 |
| 008 - FIXED-LENGTH DATA ELEMENTS--GENERAL INFORMATION | |
| fixed length control field | 050107s2006 ohuab |rb 001 0 eng |
| 010 ## - LIBRARY OF CONGRESS CONTROL NUMBER | |
| LC control number | 2005920268 |
| 020 ## - INTERNATIONAL STANDARD BOOK NUMBER | |
| International Standard Book Number | 0324315414 |
| 020 ## - INTERNATIONAL STANDARD BOOK NUMBER | |
| International Standard Book Number | 9780324315417 |
| 040 ## - CATALOGING SOURCE | |
| Original cataloging agency | DLC |
| Transcribing agency | DLC |
| 042 ## - AUTHENTICATION CODE | |
| Authentication code | pcc |
| 050 00 - LIBRARY OF CONGRESS CALL NUMBER | |
| Classification number | HF1411 |
| Item number | .Y34 2006 |
| 082 ## - DEWEY DECIMAL CLASSIFICATION NUMBER | |
| Classification number | 337 |
| Item number | YAR |
| 100 1# - MAIN ENTRY--PERSONAL NAME | |
| Personal name | Yarbrough, Beth V. |
| 9 (RLIN) | 22511 |
| 245 14 - TITLE STATEMENT | |
| Title | The World Economy : |
| Remainder of title | Trade and Finance / |
| Statement of responsibility, etc | Beth V. Yarbrough, Robert M. Yarbrough. |
| 246 30 - VARYING FORM OF TITLE | |
| Title proper/short title | Trade and finance |
| 250 ## - EDITION STATEMENT | |
| Edition statement | 7th ed. |
| 260 ## - PUBLICATION, DISTRIBUTION, ETC. (IMPRINT) | |
| Place of publication, distribution, etc | Mason, OH : |
| Name of publisher, distributor, etc | Thomson/South-Western, 2006 |
| Date of publication, distribution, etc | c2006. |
| 300 ## - PHYSICAL DESCRIPTION | |
| Extent | xvi, 763 p. : |
| Other physical details | ill. (some col.), maps (some col.) ; |
| Dimensions | 27 cm. |
| 504 ## - BIBLIOGRAPHY, ETC. NOTE | |
| Bibliography, etc | Includes bibliographical references and indexes. |
| 650 #0 - SUBJECT ADDED ENTRY--TOPICAL TERM | |
| Topical term or geographic name as entry element | Commercial policy. |
| 9 (RLIN) | 22512 |
| 650 #0 - SUBJECT ADDED ENTRY--TOPICAL TERM | |
| Topical term or geographic name as entry element | International finance. |
| 9 (RLIN) | 22513 |
| 650 #0 - SUBJECT ADDED ENTRY--TOPICAL TERM | |
| Topical term or geographic name as entry element | International economic relations. |
| 9 (RLIN) | 22514 |
| 650 #0 - SUBJECT ADDED ENTRY--TOPICAL TERM | |
| Topical term or geographic name as entry element | Economic policy. |
| 9 (RLIN) | 22515 |
| 700 1# - ADDED ENTRY--PERSONAL NAME | |
| Personal name | Yarbrough, Robert M. |
| 9 (RLIN) | 22516 |
| 942 ## - ADDED ENTRY ELEMENTS (KOHA) | |
| Source of classification or shelving scheme | Dewey Decimal Classification |
| Item type | Book - Borrowing |
| Withdrawn status | Item status | Source of classification or shelving scheme | Damaged status | Not for loan | Vendor | Home library | Current library | Shelving location | Date acquired | Source of acquisition | Cost, normal purchase price | Serial Enumeration / chronology | Total Checkouts | Full call number | Barcode | Date last seen | Koha item type |
|---|---|---|---|---|---|---|---|---|---|---|---|---|---|---|---|---|---|
| Dewey Decimal Classification | Academic Bookshop | Central Library | Central Library | First floor | 13/03/2011 | Purchase | 288.00 | 1661 | 337 YAR | 000022929 | 26/09/2024 | Book - Borrowing |